[Event "British Chess Championships 2023: AM Tournament U1900"]
[Site "The Venue, De Montfort University, 20 Western Boulevard, Leicester, LE2 7BU"]
[Date "2023.07.28"]
[Round "5"]
[Board "22"]
[White "Farrar, Gordon"]
[Black "Hayes, Solomon"]
[Result "1-0"]
[WhiteElo "1759"]
[BlackElo "1613"]
[PlyCount "0"]
[EventDate "2023.07.24"]
[EventRounds "6"]
[EventCountry "ENG"]

1. e4 c5 2. d3 Nc6 3. f4 e6 4. Nf3 d5 5. Be2 Bd6 6. O-O Nge7 7. c3 O-O 8. Qe1 Ng6
9. e5 Bc7 10. Na3 a6 11. h4 h6 12. h5 Nge7 13. Nc2 d4 14. c4 b5 15. b3 Bb7 16. g4
Qd7 17. Nh4 Kh8 18. Qg3 Rg8 19. Ne1 Raf8 20. Nef3 f6 21. Bd2 bxc4 22. bxc4 Nb4 23.
Rfc1 g6 24. hxg6 Nxg6 25. Nxg6+ Rxg6 26. Nh4 Rg7 27. a3 Nc6 28. Rf1 fxe5 29. fxe5
Rxf1+ 30. Rxf1 Bxe5 31. Rf8+ Kh7 32. Qf2 Qd6 33. Bxh6 Kxh6 34. Nf5+ Kg6 35. Nxd6
Bxd6 36. Qf6+ Kh7 37. Qh4+ Kg6 38. Qh5#  1-0

[Event "British Chess Championships 2023: AM Tournament U1900"]
[Site "The Venue, De Montfort University, 20 Western Boulevard, Leicester, LE2 7BU"]
[Date "2023.07.28"]
[Round "5"]
[Board "23"]
[White "Smithson, Sean"]
[Black "Taylor, Robert P"]
[Result "0-1"]
[WhiteElo "1301"]
[BlackElo "1755"]
[PlyCount "0"]
[EventDate "2023.07.24"]
[EventRounds "6"]
[EventCountry "ENG"]

1. e4 e5 2. Bc4 Nc6 3. Nf3 Nf6 4. d4 exd4 5. O-O d6 6. Ng5 Bg4 7. Bxf7+ Ke7 8. f3
h6 9. fxg4 hxg5 10. Bg6 Ne5 11. Bf5 g6 12. Bxg6 Nxg6 13. Bxg5 Bg7 14. Qxd4 Ne5 15.
Qf2 Qf8 16. Qf5 Qf7 17. Nc3 c6 18. Rad1 Qe6 19. Bxf6+ Bxf6 20. g5 Bg7 21. h3 Qc4
22. g6 Qc5+ 23. Kh1 Raf8 24. Qg5+ Bf6 25. Rxf6 Rxf6 26. Rf1 Ng4 27. Nd5+ cxd5 28.
exd5 Qxd5 29. Re1+ Ne5 30. h4 Qd4 31. g3 Qf2 32. Rxe5+ dxe5 33. Qxe5+ Kf8 34. g7+
Kxg7 35. Qe7+ Kh6 36. g4 Qf1+  0-1

[Event "British Chess Championships 2023: AM Tournament U1900"]
[Site "The Venue, De Montfort University, 20 Western Boulevard, Leicester, LE2 7BU"]
[Date "2023.07.28"]
[Round "5"]
[Board "24"]
[White "Morris, Nigel W"]
[Black "Mottram-Epson, Peter A"]
[Result "1-0"]
[WhiteElo "1596"]
[BlackElo "1707"]
[PlyCount "0"]
[EventDate "2023.07.24"]
[EventRounds "6"]
[EventCountry "ENG"]

1. c4 Nf6 2. Nc3 e5 3. Nf3 Nc6 4. e3 d6 5. d4 e4 6. Ng5 Bf5 7. Qc2 h6 8. Ngxe4 Nxe4
9. Nxe4 d5 10. cxd5 Qxd5 11. f3 Be7 12. a3 O-O 13. Bc4 Bxe4 14. fxe4 Qh5 15. O-O
a6 16. b4 Bd6 17. g3 Be7 18. Bb2 Bg5 19. Rae1 Ne7 20. Qc3 Qg4 21. d5 Bh4 22. Rf4
Qg5 23. Rxh4 Kh8 24. Rf4 f6 25. Ref1 Ng6 26. Rf5 Qg4 27. Qc2 Ne7 28. Be2 Qg6 29.
Bh5 Qh7 30. R5f4 Nxd5 31. R4f3 c6 32. Qc4 b5 33. Qxc6 Ne7 34. Qc2 Rac8 35. Qb1 Qg8
36. e5 fxe5 37. Rxf8 Rxf8 38. Rxf8 Qxf8 39. Qf1 Qb8 40. Bf3 Qa7 41. Qd3 Qc7 42. Bd1
Nc6 43. Bc2 g5 44. Qf5 Qe7 45. Bb3 h5 46. Qf7 Qd8 47. Qxh5+ Kg7 48. Qf7+ Kh8 49.
Qd5 Qe8 50. Bc2 Kg7 51. Be4  1-0

[Event "British Chess Championships 2023: AM Tournament U1900"]
[Site "The Venue, De Montfort University, 20 Western Boulevard, Leicester, LE2 7BU"]
[Date "2023.07.28"]
[Round "5"]
[Board "25"]
[White "Li, Xiaofan"]
[Black "Veeturi, Yashvardhan"]
[Result "1-0"]
[WhiteElo "1673"]
[BlackElo "1361"]
[PlyCount "0"]
[EventDate "2023.07.24"]
[EventRounds "6"]
[EventCountry "ENG"]

1. e4 c6 2. c4 d5 3. cxd5 cxd5 4. exd5 Nf6 5. Nc3 g6 6. Bc4 Bg7 7. Nf3 O-O 8. O-O
Nbd7 9. Re1 Nb6 10. Bb3 Re8 11. d4 Nfxd5 12. h3 h6 13. Bd2 Be6 14. Rc1 Qd7 15. Ne4
Qd8 16. Nc5 Bc8 17. Ne5 Bxe5 18. Rxe5 Kg7 19. Qf3 e6 20. Rce1 Qf6 21. Bxd5 Nxd5 22.
Rxd5 Qxf3 23. gxf3 b6 24. Nb3 Bb7 25. Rd7 Bxf3 26. Rc1 Red8 27. Rxd8 Rxd8 28. Rc7
a5 29. Bf4 g5 30. Be3 Kg6 31. Nd2 Bd5 32. Nc4 b5 33. Ne5+ Kh5 34. Nxf7 Rf8 35. a3
b4 36. axb4 axb4 37. Bd2 Ra8 38. Rc1 b3 39. Ne5 Kh4 40. Kh2 Rf8 41. Ng6+  1-0

[Event "British Chess Championships 2023: AM Tournament U1900"]
[Site "The Venue, De Montfort University, 20 Western Boulevard, Leicester, LE2 7BU"]
[Date "2023.07.28"]
[Round "5"]
[Board "26"]
[White "Yi, Louis"]
[Black "Kumar, Sachin"]
[Result "1-0"]
[WhiteElo "1443"]
[BlackElo "1613"]
[PlyCount "0"]
[EventDate "2023.07.24"]
[EventRounds "6"]
[EventCountry "ENG"]

1. e4 c5 2. Nc3 e6 3. d4 cxd4 4. Qxd4 Nc6 5. Qd2 Nf6 6. a3 a6 7. Nf3 d6 8. Bd3 Be7
9. O-O O-O 10. b3 Qc7 11. Bb2 Rd8 12. Rfe1 Bd7 13. Rad1 h6 14. h3 Rac8 15. Qe3 Qb8
16. Ne2 Ne8 17. Ng3 Bf6 18. e5 dxe5 19. Nh5 Qa7 20. Qe4 g6 21. Nxf6+ Nxf6 22. Qh4
Nh5 23. Nxe5 Nxe5 24. Bxe5 Qc5 25. g4 Ng7 26. Qxh6 Qf8 27. g5 Bc6 28. h4 Bf3 29.
Rd2 b5 30. Re3 Bh5 31. f3 Rd5 32. Bf6 Rc7 33. Rf2 Rcd7 34. Be4 Rd1+ 35. Kg2 R7d2
36. Rd3 Rxf2+ 37. Kxf2 Rxd3 38. Bxd3 Qc5+ 39. Kf1 Qf8 40. Be4 a5 41. c4 a4 42. cxb5
axb3 43. b6 b2 44. b7 b1=Q+ 45. Bxb1 Bxf3 46. b8=Q  1-0

[Event "British Chess Championships 2023: AM Tournament U1900"]
[Site "The Venue, De Montfort University, 20 Western Boulevard, Leicester, LE2 7BU"]
[Date "2023.07.28"]
[Round "5"]
[Board "27"]
[White "Collins, Nigel"]
[Black "Hollyman, Mike"]
[Result "1-0"]
[WhiteElo "1496"]
[BlackElo "1555"]
[PlyCount "0"]
[EventDate "2023.07.24"]
[EventRounds "6"]
[EventCountry "ENG"]

1. c4 Nf6 2. Nc3 e6 3. e4 d5 4. e5 Nfd7 5. d4 c5 6. cxd5 cxd4 7. dxe6 dxc3 8. exf7+
Kxf7 9. e6+ Ke8 10. exd7+ Qxd7 11. Qxd7+ Bxd7 12. bxc3 Nc6 13. Bb2 Bc5 14. Nf3 Kd8
15. Rd1 Re8+ 16. Be2 Kc7 17. Rd2 Bg4 18. O-O Re7 19. h3 Rae8 20. Bb5 Bxf3 21. gxf3
Ne5 22. Rdd1 Rf8 23. Rd5 Nxf3+ 24. Kg2 Kb6 25. Rxc5 Kxc5 26. Ba3+ Kxb5 27. Bxe7 Re8
28. Kxf3 Rxe7 29. Rc1 Kc4 30. h4 Rd7 31. Ke2 Re7+ 32. Kd2 Rf7 33. Rf1 Rf4 34. Ke2
Rxh4 35. Rb1 b6 36. Rb4+ Kxc3 37. Rxh4 h6 38. Re4 Kb2 39. Re7  1-0

[Event "British Chess Championships 2023: AM Tournament U1900"]
[Site "The Venue, De Montfort University, 20 Western Boulevard, Leicester, LE2 7BU"]
[Date "2023.07.28"]
[Round "5"]
[Board "28"]
[White "Matthew, Ian G"]
[Black "Homer, Neil S"]
[Result "1/2-1/2"]
[WhiteElo "1745"]
[BlackElo "1648"]
[PlyCount "0"]
[EventDate "2023.07.24"]
[EventRounds "6"]
[EventCountry "ENG"]

1. e4 c6 2. Nc3 d5 3. Qf3 dxe4 4. Nxe4 Nd7 5. Be2 Ngf6 6. d4 Nxe4 7. Qxe4 Nf6 8.
Qd3 e6 9. Nf3 Be7 10. Bf4 Qa5+ 11. c3 Qf5 12. Qxf5 exf5 13. O-O O-O 14. Bd3 Be6 15.
Rfe1 Rfe8 16. Re2 h6 17. a3 Rad8 18. Rae1 Kf8 19. Bd2 Bd6 20. Ne5 Bxe5 21. Rxe5 Nd7
22. R5e2 Nf6 23. f4 Bd7 24. Rxe8+ Rxe8 25. Rxe8+  1/2-1/2

[Event "British Chess Championships 2023: AM Tournament U1900"]
[Site "The Venue, De Montfort University, 20 Western Boulevard, Leicester, LE2 7BU"]
[Date "2023.07.29"]
[Round "6"]
[Board "1"]
[White "Honey, Luke"]
[Black "Gartside, Carl"]
[Result "1-0"]
[WhiteElo "1897"]
[BlackElo "1895"]
[PlyCount "0"]
[EventDate "2023.07.24"]
[EventRounds "6"]
[EventCountry "ENG"]

1. c4 Nf6 2. Nc3 g6 3. g3 Bg7 4. Bg2 O-O 5. e4 d6 6. Nge2 c5 7. d3 Nc6 8. O-O a6
9. h3 Rb8 10. Be3 b5 11. cxb5 axb5 12. d4 Qb6 13. e5 dxe5 14. dxc5 Qc7 15. a3 Rd8
16. Qc1 Nd4 17. Rd1 Qxc5 18. b4 Qc4 19. Qb2 Be6 20. Rac1 Qb3 21. Qxb3 Bxb3 22. Nxd4
exd4 23. Rxd4 Bc4 24. Rxd8+ Rxd8 25. Bf1 Bxf1 26. Kxf1 Rb8 27. Rd1 Ne8 28. Bd4 Bxd4
29. Rxd4 Nd6 30. Nd5 Kf8 31. Ne3 Ke8 32. Ke2 Kd7 33. Kd2 Kc6 34. Kc2 Ra8 35. Kb3
e5 36. Rd5 f6 37. Rc5+ Kd7 38. Nd5 Rf8 39. a4 bxa4+ 40. Kxa4 e4 41. Rc7+ Ke6 42.
Nf4+ Ke5 43. Re7+ Kf5 44. Rxh7 Rc8 45. Rd7 Nc4 46. Rd5+ Ne5 47. b5 Rc2 48. b6 g5
49. b7 Rb2 50. Rb5 Rxb5 51. Kxb5 Nd7 52. Nd5 Ke5 53. Ne7 Kd6 54. Nc6 f5 55. b8=Q+
Nxb8 56. Nxb8 f4 57. gxf4 gxf4 58. Kc4 e3 59. fxe3 fxe3 60. Kd3 Ke6 61. Kxe3 Kf5
62. Kf3 Kg5 63. Kg3 Kh5 64. Nc6 Kg5 65. Nd4 Kh5 66. Nf3 Kh6 67. Kg4 Kg6 68. h4 Kh6
69. Ne5 Kg7 70. Kg5 Kh7 71. Nf3 Kg7 72. Nd4 Kh7 73. Nf5 Kg8 74. Kg6 Kh8 75. Nd6 Kg8
76. Nf7  1-0

[Event "British Chess Championships 2023: AM Tournament U1900"]
[Site "The Venue, De Montfort University, 20 Western Boulevard, Leicester, LE2 7BU"]
[Date "2023.07.29"]
[Round "6"]
[Board "2"]
[White "Horlock, Peter J"]
[Black "Vyas, Alisha"]
[Result "1/2-1/2"]
[WhiteElo "1628"]
[BlackElo "1878"]
[PlyCount "0"]
[EventDate "2023.07.24"]
[EventRounds "6"]
[EventCountry "ENG"]

1. e4 c5 2. Nf3 d6 3. d4 cxd4 4. Nxd4 Nf6 5. Nc3 g6 6. h3 Bg7 7. Be3 O-O 8. Bd3 Nc6
9. Nxc6 bxc6 10. O-O Qa5 11. Bd2 Qb6 12. b3 Bb7 13. Qe2 c5 14. Rad1 Rac8 15. Na4
Qc6 16. Nc3 Rfd8 17. Bb5 Qb6 18. Na4 Qc7 19. Ba6 Qc6 20. Bxb7 Qxb7 21. Rfe1 Qc6 22.
c4 Nd7 23. Bc3 Nb6 24. Bxg7 Kxg7 25. Nc3 Re8 26. e5 Rcd8 27. exd6 exd6 28. Qb2 Rxe1+
29. Rxe1 Kg8 30. Ne4 Nd7 31. Nf6+ Nxf6 32. Qxf6 Re8 33. Rxe8+ Qxe8 34. Qxd6 Qe1+
35. Kh2  1/2-1/2

[Event "British Chess Championships 2023: AM Tournament U1900"]
[Site "The Venue, De Montfort University, 20 Western Boulevard, Leicester, LE2 7BU"]
[Date "2023.07.29"]
[Round "6"]
[Board "3"]
[White "Gonzales, Ceferino"]
[Black "Khan, Mohammed"]
[Result "1-0"]
[WhiteElo "1758"]
[BlackElo "1873"]
[PlyCount "0"]
[EventDate "2023.07.24"]
[EventRounds "6"]
[EventCountry "ENG"]

1. c4 c6 2. Nf3 Nf6 3. e3 d5 4. Qc2 e6 5. b3 Be7 6. Bb2 a6 7. a3 dxc4 8. bxc4 Nbd7
9. Nc3 c5 10. d4 b6 11. d5 exd5 12. cxd5 Bb7 13. Rd1 Qc7 14. Qf5 O-O 15. h4 Bd6 16.
h5 Rfe8 17. Be2 b5 18. g4 Be5 19. g5 Bxc3+ 20. Bxc3 Ne4 21. Bb2 Nd6 22. Qf4 Re4 23.
Qg3 Ne8 24. d6 Qa5+ 25. Kf1 Re6 26. Bd3 Qa4 27. Rd2 Be4 28. Bxe4 Qxe4 29. Rh4 Qc6
30. g6 fxg6 31. Ng5 Rxd6 32. Qf4 Ndf6 33. hxg6 Ra7 34. gxh7+ Kh8 35. Rxd6 Qxd6 36.
Qxd6 Nxd6 37. e4 Nc4 38. Bc3 Nxa3 39. e5 Nxh7 40. Rxh7+ Kg8 41. e6 Re7 42. Rxg7+
Kf8 43. Nh7+ Ke8 44. Rg8#  1-0

[Event "British Chess Championships 2023: AM Tournament U1900"]
[Site "The Venue, De Montfort University, 20 Western Boulevard, Leicester, LE2 7BU"]
[Date "2023.07.29"]
[Round "6"]
[Board "4"]
[White "Clegg, Robert"]
[Black "Mathur, Pranav"]
[Result "0-1"]
[WhiteElo "1860"]
[BlackElo "1662"]
[PlyCount "0"]
[EventDate "2023.07.24"]
[EventRounds "6"]
[EventCountry "ENG"]

1. d4 Nf6 2. c4 e6 3. Nc3 Bb4 4. Qc2 O-O 5. a3 Bxc3+ 6. Qxc3 b6 7. Bg5 Bb7 8. f3
d5 9. e3 Nbd7 10. Bd3 c5 11. b4 cxd4 12. exd4 dxc4 13. Qxc4 Rc8 14. Qb3 h6 15. Bh4
e5 16. dxe5 Nxe5 17. Bf5 Qd4 18. Rd1 Qxh4+ 19. g3 Qc4  0-1

[Event "British Chess Championships 2023: AM Tournament U1900"]
[Site "The Venue, De Montfort University, 20 Western Boulevard, Leicester, LE2 7BU"]
[Date "2023.07.29"]
[Round "6"]
[Board "5"]
[White "Reghu, Jyothika Ullukaranparambil"]
[Black "Mottram, Paul"]
[Result "1-0"]
[WhiteElo "1833"]
[BlackElo "1642"]
[PlyCount "0"]
[EventDate "2023.07.24"]
[EventRounds "6"]
[EventCountry "ENG"]

1. e4 c6 2. d4 d5 3. f3 e6 4. Nc3 Bb4 5. Qd3 dxe4 6. fxe4 b6 7. Nf3 Ba6 8. Qe3 Bxf1
9. Rxf1 Ne7 10. a3 Bxc3+ 11. bxc3 O-O 12. Kf2 Nd7 13. c4 Nf6 14. Kg1 Qc7 15. e5 Nf5
16. Qd3 Nd7 17. g4 Ne7 18. Ng5 Ng6 19. h4 h6 20. Nxe6 fxe6 21. Qxg6 Rxf1+ 22. Kxf1
Nf8 23. Qe4 Rd8 24. Be3 Nh7 25. Ke2 Re8 26. Rh1 c5 27. d5 exd5 28. Qxd5+ Kh8 29.
Rd1 Nf8 30. Qd6 Qf7 31. Rd5 Ng6 32. h5 Nf4+ 33. Bxf4 Qxf4 34. e6 Qe4+ 35. Kd2 Rxe6
36. Qf8+ Kh7 37. Qf5+ Qxf5 38. gxf5 Re7 39. a4 Kg8 40. a5 Kf7 41. axb6 axb6 42. Rd6
Rb7 43. Rc6 Ke7 44. Ke3 Kd7 45. Rg6 Kc8 46. f6 gxf6 47. Rg8+ Kd7 48. Rg7+ Kc6 49.
Rxb7 Kxb7 50. Kf4 Kc7 51. Kf5 Kd7 52. Kxf6 Ke8 53. Kg6 Kf8 54. Kxh6 Kg8 55. Kg6 Kh8
56. h6 Kg8 57. h7+ Kh8 58. c3  1-0

[Event "British Chess Championships 2023: AM Tournament U1900"]
[Site "The Venue, De Montfort University, 20 Western Boulevard, Leicester, LE2 7BU"]
[Date "2023.07.29"]
[Round "6"]
[Board "6"]
[White "Murrell, Mark R A"]
[Black "Peer, Musa"]
[Result "1/2-1/2"]
[WhiteElo "1800"]
[BlackElo "1791"]
[PlyCount "0"]
[EventDate "2023.07.24"]
[EventRounds "6"]
[EventCountry "ENG"]

1. d4 Nf6 2. Bg5 e6 3. e4 Be7 4. Bxf6 Bxf6 5. Nf3 d6 6. Bd3 Nd7 7. c3 e5 8. Nbd2
a6 9. Nc4 b5 10. Ne3 Bb7 11. Nd5 Bxd5 12. exd5 exd4 13. Nxd4 Bxd4 14. cxd4 O-O 15.
O-O Qf6 16. Rc1 Nb6 17. Rxc7 g6 18. Be4  1/2-1/2

[Event "British Chess Championships 2023: AM Tournament U1900"]
[Site "The Venue, De Montfort University, 20 Western Boulevard, Leicester, LE2 7BU"]
[Date "2023.07.29"]
[Round "6"]
[Board "7"]
[White "Smith, Andrew Pe"]
[Black "Watson, Simon"]
[Result "0-1"]
[WhiteElo "1761"]
[BlackElo "1835"]
[PlyCount "0"]
[EventDate "2023.07.24"]
[EventRounds "6"]
[EventCountry "ENG"]

1. e4 d6 2. d4 Nf6 3. Nc3 g6 4. Bc4 Bg7 5. Qe2 c6 6. e5 dxe5 7. dxe5 Nd5 8. Bd2 O-O
9. h4 Nb6 10. Bb3 Na6 11. h5 Nc5 12. hxg6 hxg6 13. O-O-O Nxb3+ 14. axb3 Qc7 15. Bh6
Qxe5 16. Qxe5 Bxe5 17. Bxf8 Kxf8 18. Rd8+ Kg7 19. Rhh8 Bc7 20. Rdg8+ Kf6 21. Na4
Ke6 22. Nxb6 axb6 23. Kb1 Kd7 24. Nf3 Bd6 25. Ng5 f6 26. Rd8+ Kc7 27. Ne6+ Bxe6 28.
Rxa8 Bd5 29. f3 b5 30. Rh1 g5 31. Rd1 Be5 32. Rh8 Bd6 33. Rh7 Kd7 34. Rd3 Ke6 35.
Rh1 Kf5 36. Rhd1 Kf4 37. Rxd5 cxd5 38. Rxd5 b4 39. c4 bxc3 40. bxc3 Kg3 41. Rd2 Bc5
42. Kc2 Bf2 43. Kd3 Kxg2 44. Ke4 e6 45. Rd7 f5+ 46. Ke5 Kxf3 47. Kxe6 f4 48. Kf5
g4 49. Rg7 g3 50. Rg4 Be3 51. b4 g2 52. c4 g1=Q 53. Rxg1 Bxg1 54. c5 Kg3 55. Ke4
f3 56. Kd3 Kg2  0-1

[Event "British Chess Championships 2023: AM Tournament U1900"]
[Site "The Venue, De Montfort University, 20 Western Boulevard, Leicester, LE2 7BU"]
[Date "2023.07.29"]
[Round "6"]
[Board "8"]
[White "Nargund, Sujan"]
[Black "Dean, Robert A"]
[Result "1/2-1/2"]
[WhiteElo "1564"]
[BlackElo "1820"]
[PlyCount "0"]
[EventDate "2023.07.24"]
[EventRounds "6"]
[EventCountry "ENG"]

1. e4 e6 2. d4 d5 3. Nd2 Nf6 4. e5 Nfd7 5. f4 c5 6. c3 Nc6 7. Ndf3 cxd4 8. cxd4 f6
9. exf6 Nxf6 10. g3 Bd6 11. Bh3 O-O 12. Ne2 Bd7 13. O-O Rc8 14. Ne5 Bxe5 15. fxe5
Ne4 16. Nf4 Qe7 17. a3 Na5 18. Rf3 Rc7 19. Qf1 Rfc8 20. Qe1 b6 21. Bd2 Nxd2 22. Qxd2
Nc4 23. Qf2 Na5 24. Rc3 Rxc3 25. bxc3 Rxc3 26. Rf1 Rc8 27. Qa2 Nc4 28. Qe2 Nxa3 29.
Qg4 Rd8 30. Nh5 Kh8 31. Nf4 Nc4 32. Qh5 Kg8 33. Ra1 a5 34. Rf1 b5 35. g4 b4 36. g5
b3 37. g6 h6 38. Nd3 b2 39. Qe2 Qg5+ 40. Kh1 Rb8 41. Rb1 Qh4 42. Bg2 Qxd4 43. Qf1
Rf8 44. Qd1 Ne3 45. Qe2 Bb5 46. Qxb2 Qxd3 47. Qxb5 Qxb5 48. Rxb5 Nc4 49. Bh3 Nxe5
50. Bxe6+ Kh8 51. Rxd5 Nxg6 52. Rxa5  1/2-1/2

[Event "British Chess Championships 2023: AM Tournament U1900"]
[Site "The Venue, De Montfort University, 20 Western Boulevard, Leicester, LE2 7BU"]
[Date "2023.07.29"]
[Round "6"]
[Board "9"]
[White "Tomy, Jeff"]
[Black "Morris, Simon"]
[Result "0-1"]
[WhiteElo "1791"]
[BlackElo "1604"]
[PlyCount "0"]
[EventDate "2023.07.24"]
[EventRounds "6"]
[EventCountry "ENG"]

1. d4 d5 2. Nf3 Nf6 3. c4 c6 4. Nc3 e6 5. Qd3 Nbd7 6. g3 dxc4 7. Qxc4 c5 8. Bg2 Nb6
9. Qd3 Be7 10. O-O O-O 11. Rd1 cxd4 12. Nxd4 Nbd5 13. Nxd5 Nxd5 14. Qb3 Qb6 15. Bxd5
exd5 16. Qxd5 Rd8 17. Qe4 Bf6 18. e3 Bh3 19. b3 Qc7 20. Bb2 Qd7 21. Rdc1 Re8 22.
Qf3 Bg4 23. Qh1 Bh3 24. Rc5 Rac8 25. Rac1 Rxc5 26. Rxc5 Bxd4 27. Bxd4 Qxd4 28. Rc1
Rxe3 29. Qxb7 Re8 30. Qb5 Qe4 31. f3 Qe3+  0-1

[Event "British Chess Championships 2023: AM Tournament U1900"]
[Site "The Venue, De Montfort University, 20 Western Boulevard, Leicester, LE2 7BU"]
[Date "2023.07.29"]
[Round "6"]
[Board "10"]
[White "Macqueen, Andrew"]
[Black "Whittington, Reece W"]
[Result "1/2-1/2"]
[WhiteElo "1759"]
[BlackElo "1766"]
[PlyCount "0"]
[EventDate "2023.07.24"]
[EventRounds "6"]
[EventCountry "ENG"]

1. e4 e6 2. d4 d5 3. Nd2 dxe4 4. Nxe4 Nf6 5. Nxf6+ Qxf6 6. Nf3 h6 7. Be3 Bd6 8. Bb5+
Bd7 9. Bxd7+ Nxd7 10. Qd3 O-O-O 11. O-O-O Bf4 12. Rhe1 Rhe8 13. Qe4 Bxe3+ 14. Rxe3
Nb6 15. Kb1 Nd5 16. Rb3 e5 17. Rbd3 exd4 18. Qxd4 Qxd4  1/2-1/2

[Event "British Chess Championships 2023: AM Tournament U1900"]
[Site "The Venue, De Montfort University, 20 Western Boulevard, Leicester, LE2 7BU"]
[Date "2023.07.29"]
[Round "6"]
[Board "11"]
[White "Willoughby, Christopher"]
[Black "Coleman, Frederick"]
[Result "0-1"]
[WhiteElo "1794"]
[BlackElo "1850"]
[PlyCount "0"]
[EventDate "2023.07.24"]
[EventRounds "6"]
[EventCountry "ENG"]

1. e4 c5 2. Nf3 Nc6 3. c3 d5 4. exd5 Qxd5 5. Be2 Bg4 6. Qa4 Nf6 7. Na3 e5 8. Nb5
Rc8 9. c4 Qe6 10. d3 Be7 11. O-O O-O 12. h3 Bh5 13. Qd1 Bg6 14. Nh4 Rcd8 15. Nxg6
hxg6 16. Be3 e4 17. Qb3 exd3 18. Bxd3 Ne5 19. Be2 a6 20. Nc3 Rd7 21. Rfd1 Rfd8 22.
Rxd7 Rxd7 23. Rd1 Rxd1+ 24. Nxd1 Qd7 25. Nc3 Nc6 26. Bf3 Na5 27. Qb6 Nxc4 28. Qxb7
Qe6 29. Nd5 Bd6 30. Nxf6+ Qxf6 31. Qc8+ Kh7 32. Bxc5 Nxb2 33. Bxd6 Qxd6 34. Qb7 Qf6
35. Qc6 Kg8 36. Qxf6 gxf6 37. Kf1 Kf8 38. Be2 a5 39. Bb5 Nd1 40. Ke1 Nc3 41. Bc4
Ke7 42. Kd2 Ne4+ 43. Ke3 f5 44. f3 Nc3 45. Kd2 Na4 46. Bb5 Nc5 47. Kc3 f6 48. h4
Ne6 49. g3 Kd6 50. Bc4 Nd8 51. Bb5 Ne6 52. Be8 Nf8 53. Kc4 Ke7 54. Bxg6 Nxg6 55.
h5 Ne5+ 56. Kb5 Nxf3 57. Kxa5 Nd4 58. Kb6 Ne2 59. a4 Nxg3 60. a5 Ne4 61. Kb5 Nd6+
62. Kb4 f4 63. Kc3 Kf7 64. Kd3 Kg7 65. Ke2 Kh6 66. Kf3 Kxh5 67. Kxf4 Kg6 68. a6 Nb5
69. Kg4 f5+ 70. Kf4 Kf6 71. Kf3 Ke5 72. Ke3 f4+ 73. Kf3 Kf5 74. Kf2 Ke4 75. Ke2 f3+
76. Kf2 Kf4 77. Kf1 Ke3 78. Ke1 f2+ 79. Kf1 Na7  0-1

[Event "British Chess Championships 2023: AM Tournament U1900"]
[Site "The Venue, De Montfort University, 20 Western Boulevard, Leicester, LE2 7BU"]
[Date "2023.07.29"]
[Round "6"]
[Board "12"]
[White "Page, Martin C"]
[Black "Farrar, Gordon"]
[Result "1/2-1/2"]
[WhiteElo "1821"]
[BlackElo "1759"]
[PlyCount "0"]
[EventDate "2023.07.24"]
[EventRounds "6"]
[EventCountry "ENG"]

1. e4 e5 2. Nf3 Nc6 3. Bb5 a6 4. Ba4 Nf6 5. O-O Be7 6. Re1 b5 7. Bb3 O-O 8. c3 d5
9. exd5 e4 10. dxc6 exf3 11. d4 Bg4 12. Bg5 fxg2 13. Qd3 Bh5 14. Nd2 Bg6 15. Qe3
Re8 16. Bxf6 Bxf6 17. Qxe8+ Qxe8 18. Rxe8+ Rxe8 19. Nf3 Re2 20. Re1 Rxe1+ 21. Nxe1
Be4 22. d5 Bg5 23. Nxg2 Bc1 24. Ne3 Bxb2 25. c4 Ba3 26. cxb5 axb5 27. Nc2 Bd6  1/2-1/2

[Event "British Chess Championships 2023: AM Tournament U1900"]
[Site "The Venue, De Montfort University, 20 Western Boulevard, Leicester, LE2 7BU"]
[Date "2023.07.29"]
[Round "6"]
[Board "13"]
[White "Berkley, Stephen W"]
[Black "Livesey, R Nigel"]
[Result "1/2-1/2"]
[WhiteElo "1742"]
[BlackElo "1811"]
[PlyCount "0"]
[EventDate "2023.07.24"]
[EventRounds "6"]
[EventCountry "ENG"]

1. d4 Nf6 2. c4 c5 3. d5 e5 4. Nc3 d6 5. e4 Be7 6. g3 O-O 7. Bg2 Ne8 8. Nge2 g6 9.
f4 exf4 10. Nxf4 Nd7 11. Nd3 Bf6 12. Be3 Bg7 13. Qd2 Ne5 14. Nxe5 Bxe5 15. Bh6 Ng7
16. Bf4 Qe7 17. O-O Nh5 18. Bxe5 Qxe5 19. Rae1 Bd7 20. a4 Kg7 21. b3 Rae8 22. Ne2
Qe7 23. Nf4 Nf6 24. Qc3 Kg8 25. h3 Bc8 26. Nd3 Nd7 27. Kh2 Ne5 28. Nxe5 Qxe5 29.
Qxe5 Rxe5 30. Rf6 Rd8 31. Ref1 Re7 32. a5 Kg7 33. R6f2 f5 34. exf5 Bxf5  1/2-1/2

[Event "British Chess Championships 2023: AM Tournament U1900"]
[Site "The Venue, De Montfort University, 20 Western Boulevard, Leicester, LE2 7BU"]
[Date "2023.07.29"]
[Round "6"]
[Board "14"]
[White "Coward, Neil"]
[Black "Di Cicco, Louis"]
[Result "0-1"]
[WhiteElo "1800"]
[BlackElo "1677"]
[PlyCount "0"]
[EventDate "2023.07.24"]
[EventRounds "6"]
[EventCountry "ENG"]

1. e4 c6 2. d4 d5 3. e5 Bf5 4. Bd3 Bxd3 5. Qxd3 e6 6. Nf3 Ne7 7. O-O Nf5 8. c3 Be7
9. Nbd2 Nd7 10. g4 Nh4 11. Nxh4 Bxh4 12. f4 Be7 13. Nf3 Nf8 14. f5 Kd7 15. fxe6+
fxe6 16. Bf4 Ng6 17. Bg3 Qe8 18. c4 dxc4 19. Qxc4 h5 20. gxh5 Rxh5 21. Qb3 Rb8 22.
Nd2 Bh4 23. Ne4 Be7 24. Rf2 Nh4 25. Rd1 Nf5 26. Qd3 Rd8 27. Qb3 Rb8 28. Nc5+ Bxc5
29. dxc5+ Kc7 30. Rfd2 Rh8 31. Rd7+ Qxd7 32. Rxd7+ Kxd7 33. Qd1+ Kc7 34. Qg4 Rh6
35. Qa4 Ra8 36. Qa5+ Kd7 37. Qb4 Kc7 38. Qg4 Rd8 39. Be1 Rd5 40. b4 Rd4 41. Qe2 Rg6+
42. Kh1 Rdg4 43. Bf2 Rxb4 44. Qc2 Rgg4 45. h3 Rgc4 46. Qe2 g6 47. Qd2 Rb1+ 48. Kg2
Rcb4 49. a3 R4b2 50. Qa5+ Kd7 51. Qc3 Ke7 52. Qa5 Ra1 53. Qc7+ Ke8 54. Qb8+ Kf7 55.
Qxa7 Raa2 56. Kg1 Rxf2 57. Qxb7+ Ne7 58. Qb3 Rfb2 59. Qf3+ Nf5 60. Qd1 Rxa3 61. Qc1
Raa2 62. h4 Rg2+ 63. Kf1 Ng3+  0-1

[Event "British Chess Championships 2023: AM Tournament U1900"]
[Site "The Venue, De Montfort University, 20 Western Boulevard, Leicester, LE2 7BU"]
[Date "2023.07.29"]
[Round "6"]
[Board "15"]
[White "Willoughby, Andrew P"]
[Black "Li, Xiaofan"]
[Result "1/2-1/2"]
[WhiteElo "1797"]
[BlackElo "1673"]
[PlyCount "0"]
[EventDate "2023.07.24"]
[EventRounds "6"]
[EventCountry "ENG"]

1. d4 Nf6 2. Nc3 e6 3. e4 Bb4 4. e5 Nd5 5. Qg4 g6 6. a3 Be7 7. Ne4 d6 8. c4 f5 9.
exf6 Nxf6 10. Nxf6+ Bxf6 11. Be3 e5 12. Qd1 Nc6 13. d5 Ne7 14. Nf3 Nf5 15. Qd2 Nxe3
16. Qxe3 Bf5 17. Bd3 Bxd3 18. Qxd3 Qe7 19. Qe4  1/2-1/2